00942cam a22002293a 450000100060000000300060000600500170001200800410002904000150007004200070008505000070009210000330009924502430013226000290037550600300040451600200043465300200045465300230047465301440049783000290064185600420067016130PGUSA20140828083338.0050625s2005||||xxu|||||s|||||000 | eng d aPGUSAbeng adc 4aTL1 aNew Zealand. Court of Appeal10aJudgments of the Court of Appeal of New Zealand on Proceedings to Review Aspects of the Report of the Royal Commission of Inquiry into the Mount Erebus Aircraft Disaster :bC.A. 95/81h[electronic resource] /cNew Zealand. Court of Appeal bProject Gutenberg,c2005 aPublic domain in the USA. aElectronic text aAir New Zealand aAircraft accidents aNew Zealand. Royal Commission to Inquire into the Crash on Mount Erebus, Antarctica, of a DC10 Aircraft Operated by Air New Zealand Limited 0aProject Gutenbergv1613040uhttp://www.gutenberg.org/ebooks/16130